000 00733cam a22002413a 4500
001 2546
003 PGUSA
005 20140828083016.0
008 010301s2001||||xxu|||||s|||||000 1 eng d
040 _aPGUSA
_beng
042 _adc
050 4 _aPS
100 1 _aMulford, Clarence Edward,
_d1883-1956
245 1 0 _aHopalong Cassidy's Rustler Round-Up; Or, Bar-20
_h[electronic resource] /
_cClarence Edward Mulford
260 _bProject Gutenberg,
_c2001
506 _aPublic domain in the USA.
516 _aElectronic text
653 _aCassidy, Hopalong (Fictitious character) -- Fiction
653 _aWestern stories
830 0 _aProject Gutenberg
_v2546
856 4 0 _uhttp://www.gutenberg.org/ebooks/2546
942 _cEB
999 _c231883
_d231883